[Event "Tatry op"]
[Site "Tatranska Lomnica"]
[Date "2017.10.15"]
[Round "9"]
[White "Ramik, Zdenek"]
[Black "Kernazhitsky, Leonid"]
[Result "1/2-1/2"]
[WhiteElo "2179"]
[BlackElo "2270"]
[PlyCount "113"]
[EventDate "2017.10.08"]
[EventType "swiss"]
[EventRounds "9"]
[EventCountry "SVK"]
[SourceTitle "CBM 181 Extra"]
[Source "ChessBase"]
[SourceDate "2017.12.12"]
[SourceVersion "1"]
[SourceVersionDate "2017.12.12"]
[SourceQuality "1"]

1. e4 c5 2. Nc3 e6 3. g3 d5 4. exd5 exd5 5. Bg2 Nf6 6. d3 d4 7. Ne4 Nxe4 8. Bxe4 Nd7 9. Bg2 Nf6 10. Nf3 Be7 11. 0-0 h6 12. Re1 0-0 13. c4 dxc3 14. bxc3 Be6 15. c4 Qc7 16. Bb2 Rad8 17. Qb3 Nd7 18. Re3 Bf6 19. Rae1 Bxb2 20. Qxb2 Rfe8 21. Nd2 b6 22. Ne4 Bf5 23. Nc3 Rxe3 24. Rxe3 Nf6 25. Nd5 Nxd5 26. Bxd5 Qd7 27. Qe2 Bg4 28. f3 Bh5 29. g4 Bg6 30. f4 Kf8 31. f5 Bh7 32. Kg2 Re8 33. Rxe8+ Qxe8 34. Qxe8+ Kxe8 35. Kf3 Ke7 36. Kf4 g6 37. Ke5 g5 38. a3 f6+ 39. Ke4 Kd6 40. d4 a6 41. Bf7 Kc6 42. Be6 Kd6 43. Bc8 a5 44. Be6 Kc6 45. d5+ Kd6 46. Kd3 a4 47. Ke4 Kc7 48. h3 Kd6 49. Bc8 Bg8 50. Ba6 Bf7 51. Bb5 h5 52. Bxa4 h4 53. Bc6 Bg8 54. Be8 Ke7 55. Bc6 Kd6 56. Be8 Ke7 57. Bc6 1/2-1/2

[Event "Tatry op"]
[Site "Tatranska Lomnica"]
[Date "2017.10.09"]
[Round "3"]
[White "Cech, Dominik"]
[Black "Kernazhitsky, Leonid"]
[Result "0-1"]
[WhiteElo "2114"]
[BlackElo "2270"]
[PlyCount "98"]
[EventDate "2017.10.08"]
[EventType "swiss"]
[EventRounds "9"]
[EventCountry "SVK"]
[SourceTitle "CBM 181 Extra"]
[Source "ChessBase"]
[SourceDate "2017.12.12"]
[SourceVersion "1"]
[SourceVersionDate "2017.12.12"]
[SourceQuality "1"]

1. e4 c5 2. Nf3 Nc6 3. d4 cxd4 4. Nxd4 Nf6 5. Nc3 e5 6. Ndb5 d6 7. Bg5 a6 8. Na3 Be6 9. Nc4 Rb8 10. Bxf6 Qxf6 11. Nb6 Qg6 12. Qd2 Be7 13. h4 h5 14. Nbd5 Bd8 15. a3 Qh6 16. Qxh6 Rxh6 17. Bd3 Rg6 18. Ne3 Rh6 19. Ncd5 g6 20. 0-0-0 b5 21. g3 Rh8 22. Kb1 Rf8 23. f4 Bb6 24. Nxb6 Rxb6 25. c3 Ne7 26. f5 Bb3 27. f6 Ng8 28. Rdf1 d5 29. Nxd5 Bxd5 30. exd5 Nxf6 31. Re1 Nd7 32. c4 bxc4 33. Bxc4 Ke7 34. Ka2 Kd6 35. Rh2 f5 36. Rf2 Rc8 37. Rc2 e4 38. Rec1 a5 39. Bb3 Rxc2 40. Rxc2 Nc5 41. Bc4 Ke5 42. d6 Rxd6 43. b4 axb4 44. axb4 Nd3 45. Ka3 Kd4 46. b5 e3 47. Bf7 Ne5 48. Be8 Kd3 49. Rc5 Nc4+ 0-1

[Event "Schwarzach op 32nd"]
[Site "Schwarzach"]
[Date "2017.08.25"]
[Round "8"]
[White "Kernazhitsky, Leonid"]
[Black "Schnepp, Gunnar"]
[Result "1/2-1/2"]
[WhiteElo "2277"]
[BlackElo "2349"]
[PlyCount "130"]
[EventDate "2017.08.19"]
[EventType "swiss"]
[EventRounds "9"]
[EventCountry "AUT"]
[SourceTitle "CBM 180 Extra"]
[Source "ChessBase"]
[SourceDate "2017.10.06"]
[SourceVersion "1"]
[SourceVersionDate "2017.10.06"]
[SourceQuality "1"]

1. e4 c5 2. Nf3 e6 3. d4 cxd4 4. Nxd4 a6 5. Nc3 Qc7 6. Bd3 b5 7. a3 Bb7 8. Be3 Nf6 9. 0-0 Be7 10. Qe2 d6 11. f4 Nbd7 12. Nb3 Rc8 13. Bd4 e5 14. Be3 h6 15. Kh1 0-0 16. Rf3 d5 17. exd5 Nxd5 18. Nxd5 Bxd5 19. Rg3 f5 20. Bd4 Bh4 21. fxe5 Bxg3 22. hxg3 Bc4 23. Nd2 Bxd3 24. cxd3 Rce8 25. Nf3 Nf6 26. Qd2 Nh5 27. Kh2 Qc6 28. Be3 Qg6 29. Qf2 f4 30. gxf4 Nxf4 31. Bxf4 Rxf4 32. Qe3 Rg4 33. Qe2 Qf5 34. Re1 Re6 35. Qe3 Qh5+ 36. Kg1 Rg3 37. Kf2 Reg6 38. Rg1 Qg4 39. Qe4 Rxg2+ 40. Rxg2 Qxg2+ 41. Ke3 Qg4 42. Qd5+ Kh7 43. d4 Qg2 44. Qe4 Qxb2 45. Nh4 Qxa3+ 46. Kd2 Qb2+ 47. Kd1 Qa1+ 48. Kd2 Qa2+ 49. Kd1 Qe6 50. Nxg6 Qxg6 51. Qe3 Kg8 52. e6 Qb1+ 53. Kd2 Qb4+ 54. Ke2 Qc4+ 55. Kf2 Qc2+ 56. Kg3 Qc7+ 57. Kg2 Qb7+ 58. Kg1 Qe7 59. Kf2 Kf8 60. Ke2 Ke8 61. Qe4 Qc7 62. Qg6+ Kf8 63. Qf5+ Ke8 64. Qg6+ Kf8 65. Qf5+ Ke8 1/2-1/2

[Event "Litomysl op 18th"]
[Site "Litomysl"]
[Date "2016.12.31"]
[Round "8"]
[White "Kernazhitsky, Leonid"]
[Black "Hollan, Petr"]
[Result "1-0"]
[WhiteElo "2295"]
[BlackElo "2313"]
[PlyCount "103"]
[EventDate "2016.12.26"]
[EventType "swiss"]
[EventRounds "9"]
[EventCountry "CZE"]
[SourceTitle "CBM 176 Extra"]
[Source "ChessBase"]
[SourceDate "2017.03.02"]
[SourceVersion "1"]
[SourceVersionDate "2017.03.02"]
[SourceQuality "1"]

1. e4 c5 2. Nc3 Nc6 3. Bb5 Nd4 4. Bc4 g6 5. Nf3 Bg7 6. Nxd4 cxd4 7. Qf3 e6 8. Nb5 Be5 9. c3 dxc3 10. dxc3 a6 11. Nd4 b5 12. Bd3 Bb7 13. Qe3 Ne7 14. 0-0 0-0 15. f4 Bg7 16. a4 bxa4 17. Rxa4 f5 18. e5 Nd5 19. Qe2 Qb6 20. Be3 Nxe3 21. Qxe3 Bc6 22. Ra2 Rfb8 23. b4 Bd5 24. Ra5 Qb7 25. Qe2 Rc8 26. Bxa6 Rxa6 27. Qxa6 Qxa6 28. Rxa6 Rxc3 29. Rd6 Rc4 30. Rd1 Rxb4 31. Rxd7 Bf8 32. Nf3 Rxf4 33. Rc1 Rc4 34. Rxc4 Bxc4 35. Rc7 Bd5 36. Ng5 h6 37. Nh7 Bg7 38. Nf6+ Bxf6 39. exf6 g5 40. Kf2 Kf8 41. g3 h5 42. h4 gxh4 43. gxh4 f4 44. Rh7 Kg8 45. Re7 Kf8 46. Ke2 f3+ 47. Ke3 Kg8 48. Rg7+ Kf8 49. Rh7 Kg8 50. Rxh5 Kf7 51. Rh6 e5 52. h5 1-0

[Event "Tatry op"]
[Site "Tatranske Zruby"]
[Date "2016.09.25"]
[Round "2"]
[White "Kernazhitsky, Leonid"]
[Black "Steiner, Bruno"]
[Result "1-0"]
[WhiteElo "2273"]
[BlackElo "2164"]
[PlyCount "95"]
[EventDate "2016.09.24"]
[EventType "swiss"]
[EventRounds "9"]
[EventCountry "SVK"]
[SourceTitle "CBM 174 Extra"]
[Source "ChessBase"]
[SourceDate "2016.10.10"]
[SourceVersion "1"]
[SourceVersionDate "2016.10.10"]
[SourceQuality "1"]

1. e4 e5 2. Nf3 Nc6 3. Bb5 a6 4. Ba4 Nf6 5. 0-0 Be7 6. Re1 b5 7. Bb3 d6 8. c3 0-0 9. d4 Bg4 10. d5 Na5 11. Bc2 c6 12. h3 Bc8 13. dxc6 Qc7 14. Nbd2 Qxc6 15. Nf1 h6 16. Ng3 Nc4 17. b3 Nb6 18. Be3 Be6 19. Qd2 Rfc8 20. Rac1 Bf8 21. Bd3 Nbd7 22. c4 Qb7 23. cxb5 axb5 24. Rxc8 Rxc8 25. Rc1 Rxc1+ 26. Qxc1 d5 27. exd5 Nxd5 28. Be4 Qa6 29. Bxd5 Bxd5 30. Qc7 Qe6 31. Qc2 Bxf3 32. gxf3 Qxh3 33. a4 bxa4 34. bxa4 h5 35. a5 Qe6 36. Nxh5 f5 37. f4 g6 38. Ng3 exf4 39. Bxf4 Qe1+ 40. Kg2 Qxa5 41. Qc6 Qd8 42. Qxg6+ Kh8 43. Qh5+ Kg8 44. Qxf5 Qf6 45. Qg4+ Qg7 46. Bg5 Be7 47. Nf5 Nf6 48. Qc4+ 1-0

[Event "Tatry op"]
[Site "Tatranske Zruby"]
[Date "2016.09.25"]
[Round "3"]
[White "Krnan, Tomas"]
[Black "Kernazhitsky, Leonid"]
[Result "1-0"]
[WhiteElo "2430"]
[BlackElo "2273"]
[PlyCount "97"]
[EventDate "2016.09.24"]
[EventType "swiss"]
[EventRounds "9"]
[EventCountry "SVK"]
[SourceTitle "CBM 174 Extra"]
[Source "ChessBase"]
[SourceDate "2016.10.10"]
[SourceVersion "1"]
[SourceVersionDate "2016.10.10"]
[SourceQuality "1"]

1. e4 c5 2. Nf3 Nc6 3. Bb5 g6 4. Bxc6 bxc6 5. 0-0 Bg7 6. Re1 Nh6 7. c3 0-0 8. h3 d6 9. d4 cxd4 10. cxd4 f6 11. Nc3 Nf7 12. b3 f5 13. Qe2 c5 14. exf5 cxd4 15. Nd5 d3 16. Nxe7+ Kh8 17. Qd2 Ne5 18. Nxe5 dxe5 19. Ba3 Re8 20. fxg6 Rxe7 21. Bxe7 Qxe7 22. Qxd3 Bb7 23. Qg3 Bf6 24. h4 Bxh4 25. Qxe5+ Qxe5 26. Rxe5 Bf6 27. Rh5 Kg7 28. Rc1 Kxg6 29. Rb5 Rc8 30. Rxc8 Bxc8 31. Ra5 Bd4 32. Rd5 Bb6 33. a4 Be6 34. Rd6 Kf7 35. b4 Ke7 36. Rd3 a6 37. Rg3 Bd4 38. Rg5 Kf6 39. Ra5 Bc8 40. Rd5 Be5 41. b5 axb5 42. Rxb5 Bd4 43. a5 Ba7 44. a6 h6 45. Rh5 Kg7 46. Rd5 Be6 47. Rd8 Bc5 48. Rb8 Kf6 49. Rb7 1-0

[Event "WchT Seniors 50"]
[Site "Radebeul"]
[Date "2016.07.04"]
[Round "9.6"]
[White "Kernazhitsky, Leonid"]
[Black "O'Donnell, Tom"]
[Result "1-0"]
[WhiteElo "2285"]
[BlackElo "2354"]
[PlyCount "53"]
[EventDate "2016.06.26"]
[EventType "team-swiss"]
[EventRounds "9"]
[EventCountry "GER"]
[SourceTitle "CBM 173 Extra"]
[Source "ChessBase"]
[SourceDate "2016.08.29"]
[SourceVersion "1"]
[SourceVersionDate "2016.08.29"]
[SourceQuality "1"]
[WhiteTeam "Obuchiw"]
[BlackTeam "Canada"]
[WhiteTeamCountry "UKR"]
[BlackTeamCountry "CAN"]

1. e4 c5 2. Nf3 Nc6 3. d4 cxd4 4. Nxd4 e5 5. Nb5 a6 6. Nd6+ Bxd6 7. Qxd6 Qf6 8. Qd2 Nge7 9. Nc3 d6 10. b3 0-0 11. Bb2 Rd8 12. 0-0-0 b5 13. Kb1 Bb7 14. g3 Nd4 15. Bg2 Rac8 16. Rc1 b4 17. Nd5 Bxd5 18. exd5 Nb5 19. Qxb4 Qxf2 20. Be4 Rc5 21. c4 Nd4 22. Qb7 Nef5 23. Rhf1 Qe2 24. Rce1 Qh5 25. g4 Qxg4 26. Bxd4 exd4 27. Rxf5 1-0

[Event "WchT Seniors 50"]
[Site "Radebeul"]
[Date "2016.06.30"]
[Round "5.3"]
[White "Kernazhitsky, Leonid"]
[Black "Arkell, Keith C"]
[Result "0-1"]
[WhiteElo "2285"]
[BlackElo "2453"]
[PlyCount "160"]
[EventDate "2016.06.26"]
[EventType "team-swiss"]
[EventRounds "9"]
[EventCountry "GER"]
[SourceTitle "CBM 173 Extra"]
[Source "ChessBase"]
[SourceDate "2016.08.29"]
[SourceVersion "1"]
[SourceVersionDate "2016.08.29"]
[SourceQuality "1"]
[WhiteTeam "Obuchiw"]
[BlackTeam "England"]
[WhiteTeamCountry "UKR"]
[BlackTeamCountry "ENG"]

1. e4 c6 2. d4 d5 3. Nc3 dxe4 4. Nxe4 Nd7 5. Ng5 Ngf6 6. N1f3 h6 7. Nh3 g5 8. Nhg1 Qc7 9. Bd3 c5 10. c3 b6 11. Ne2 Bb7 12. dxc5 bxc5 13. Ng3 g4 14. Nh4 e6 15. Qe2 Qe5 16. Qxe5 Nxe5 17. Bb5+ Nfd7 18. h3 h5 19. Bg5 Be7 20. Bxe7 Kxe7 21. 0-0-0 c4 22. Rhe1 Nd3+ 23. Kb1 N7e5 24. Re3 Rab8 25. b4 Bd5 26. Ba4 Kf6 27. f4 gxf3 28. Nxf3 Nxf3 29. gxf3 Nxb4 30. Ka1 Nd3 31. Bc2 Nf4 32. Ne4+ Ke7 33. Ng3 Kd6 34. Ne4+ Ke7 35. Ng3 Rbg8 36. Ne2 Ng2 37. Re5 f6 38. Rdxd5 fxe5 39. Rxe5 Kf6 40. Re4 Ne1 41. Rf4+ Ke7 42. Bb1 e5 43. Rxc4 Nxf3 44. Be4 Nd2 45. Rc5 Kf6 46. Rc6+ Kg5 47. Bd5 Rb8 48. a4 Rhf8 49. Re6 Rbe8 50. Rxe8 Rxe8 51. Kb2 Kh4 52. Kc2 Nf1 53. Kd3 Kxh3 54. c4 Ng3 55. Nc3 Kg4 56. c5 e4+ 57. Nxe4 Nxe4 58. Bxe4 Kf4 59. Bb7 Re7 60. Bg2 Rg7 61. Ba8 Ke5 62. Kc4 h4 63. Kb5 h3 64. Bf3 Rf7 65. Bh1 h2 66. Ka6 Kd4 67. c6 Kc5 68. a5 Kd6 69. Bg2 Rg7 70. Bf3 Rc7 71. Bg2 Ke7 72. Kb5 Kd8 73. Kc5 Rg7 74. Bf3 Kc7 75. Kb5 Rh7 76. Bh1 Rh8 77. Ka6 Rh5 78. Bf3 h1Q 79. Bxh1 Rxh1 80. Kxa7 Rh5 0-1

[Event "Tatry op"]
[Site "Tatranske Zruby"]
[Date "2015.09.30"]
[Round "6"]
[White "Skreno, Vladimir"]
[Black "Kernazhitsky, Leonid"]
[Result "1/2-1/2"]
[WhiteElo "2238"]
[BlackElo "2265"]
[PlyCount "95"]
[EventDate "2015.09.26"]
[EventType "swiss"]
[EventRounds "9"]
[EventCountry "SVK"]
[SourceTitle "CBM 168 Extra"]
[Source "ChessBase"]
[SourceDate "2015.10.29"]
[SourceVersion "1"]
[SourceVersionDate "2015.10.29"]
[SourceQuality "1"]

1. d4 d5 2. c4 dxc4 3. e3 a6 4. Bxc4 Nf6 5. a4 Nc6 6. Nf3 Bg4 7. Be2 e6 8. Bd2 Bd6 9. Na3 0-0 10. Nc4 Ne4 11. Nxd6 Qxd6 12. 0-0 Rad8 13. Bc3 e5 14. dxe5 Qe7 15. Qc2 Nxc3 16. Qxc3 Nxe5 17. Nxe5 Bxe2 18. Rfe1 Bh5 19. Nd3 Bg6 20. Nc5 c6 21. Rad1 Bf5 22. a5 Be6 23. Qe5 Rd5 24. Rxd5 cxd5 25. b4 Qe8 26. e4 Qc6 27. Nxe6 fxe6 28. exd5 exd5 29. Qe6+ Qxe6 30. Rxe6 Rf6 31. Re7 b6 32. Rc7 bxa5 33. bxa5 d4 34. Kf1 Rf5 35. Rd7 Rxa5 36. Rxd4 Ra2 37. Rd7 a5 38. g4 h6 39. Kg2 Kh7 40. h4 Kg6 41. Rd6+ Kf7 42. Ra6 a4 43. g5 hxg5 44. hxg5 a3 45. Kg3 Ra1 46. Ra7+ Kg6 47. Kf4 Rb1 48. Rxa3 1/2-1/2

[Event "Tatry op"]
[Site "Tatranske Zruby"]
[Date "2015.09.26"]
[Round "1"]
[White "Kernazhitsky, Leonid"]
[Black "Jablonicky, Frantisek"]
[Result "1-0"]
[WhiteElo "2265"]
[BlackElo "2128"]
[PlyCount "183"]
[EventDate "2015.09.26"]
[EventType "swiss"]
[EventRounds "9"]
[EventCountry "SVK"]
[SourceTitle "CBM 168 Extra"]
[Source "ChessBase"]
[SourceDate "2015.10.29"]
[SourceVersion "1"]
[SourceVersionDate "2015.10.29"]
[SourceQuality "1"]

1. e4 c6 2. d4 d5 3. Nc3 dxe4 4. Nxe4 Nf6 5. Nxf6+ gxf6 6. c3 Bf5 7. Ne2 h5 8. h4 Bg4 9. Be3 Bh6 10. Bxh6 Rxh6 11. Qd2 Rh8 12. c4 Qd6 13. 0-0-0 Na6 14. f3 Bf5 15. Nc3 Nc7 16. c5 Qd7 17. Bc4 0-0-0 18. Bxf7 e6 19. Bxh5 e5 20. dxe5 Rxh5 21. g4 Rhh8 22. gxf5 Qxf5 23. Qg2 Qxe5 24. Ne4 f5 25. Nd6+ Kb8 26. Qc2 Ne6 27. Rhe1 Qf4+ 28. Kb1 Nc7 29. Qb3 Nb5 30. Re7 Nxd6 31. cxd6 b6 32. Qf7 Qa4 33. b3 Qa5 34. Qc4 Qb5 35. Qf4 Rhg8 36. Re5 c5 37. Rxf5 Qa5 38. Qd2 Qxd2 39. Rxd2 Rg6 40. d7 Kc7 41. h5 Rd6 42. Rfd5 Rf6 43. R2d3 Rf4 44. Kc2 Rh4 45. a4 Kc6 46. Rd6+ Kb7 47. h6 c4 48. bxc4 Rxc4+ 49. Kb3 Rh4 50. Rf6 Kc7 51. f4 Rxd7 52. Rg3 Rd6 53. Rg7+ Kc6 54. Rgg6 Rxf6 55. Rxf6+ Kd7 56. f5 Ke7 57. Rc6 Kf7 58. Rc7+ Kf6 59. Rxa7 Kxf5 60. h7 Ke5 61. Rb7 Kd5 62. Rxb6 Rxh7 63. Kb4 Rh1 64. Kb5 Rb1+ 65. Ka6 Ra1 66. a5 Kc5 67. Rh6 Rg1 68. Rh7 Kc6 69. Ka7 Rg8 70. Rb7 Rg2 71. a6 Ra2 72. Rb4 Ra1 73. Rb6+ Kc7 74. Rb3 Kc6 75. Rh3 Rf1 76. Rc3+ Kb5 77. Rb3+ Kc6 78. Ka8 Rf8+ 79. Rb8 Rf7 80. Rb7 Rf8+ 81. Ka7 Rc8 82. Rb6+ Kc7 83. Rb1 Rg8 84. Rc1+ Kd8 85. Kb7 Rg7+ 86. Kb8 Rg3 87. Rd1+ Ke7 88. Rd4 Rb3+ 89. Kc7 Rc3+ 90. Kb6 Rb3+ 91. Ka5 Ra3+ 92. Ra4 1-0

[Event "Schwarzach op 30th"]
[Site "Schwarzach"]
[Date "2015.08.26"]
[Round "6"]
[White "Dudas, Eszter"]
[Black "Kernazhitsky, Leonid"]
[Result "1-0"]
[WhiteElo "2171"]
[BlackElo "2267"]
[PlyCount "119"]
[EventDate "2015.08.22"]
[EventType "swiss"]
[EventRounds "9"]
[EventCountry "AUT"]
[SourceTitle "EXT 2016"]
[Source "ChessBase"]
[SourceDate "2015.10.08"]
[SourceVersion "1"]
[SourceVersionDate "2015.10.08"]
[SourceQuality "1"]

1. e4 c5 2. Nf3 Nc6 3. d4 cxd4 4. Nxd4 Qb6 5. Nb3 Nf6 6. Nc3 e6 7. Bd3 Be7 8. Be3 Qc7 9. f4 d6 10. Qf3 a6 11. 0-0-0 b5 12. g4 Rb8 13. g5 Nd7 14. Kb1 Nb6 15. Rhf1 Nc4 16. Bc1 Nb4 17. Bxc4 bxc4 18. Nd4 Nc6 19. Qe2 Na7 20. f5 Nb5 21. Ncxb5 axb5 22. fxe6 Bxe6 23. Nxe6 fxe6 24. Qf3 g6 25. Qf7+ Kd7 26. Rf6 e5 27. Rfxd6+ Qxd6 28. Rxd6+ Kxd6 29. Qd5+ Kc7 30. Qxe5+ Bd6 31. Qg7+ Kc6 32. e5 Bc5 33. Qf6+ Kb7 34. Qf7+ Ka6 35. a4 Rb6 36. Qd5 Rc8 37. axb5+ Kxb5 38. Be3 Rbc6 39. Bxc5 Rxc5 40. Qd7+ Kb6 41. e6 R5c7 42. Qd6+ Kb7 43. Qb4+ Ka6 44. e7 Rc6 45. Kc1 Re8 46. Kd2 c3+ 47. bxc3 Ka7 48. Qa5+ Kb7 49. Qd8 Rc8 50. Qd7+ Kb6 51. Kd3 Kc5 52. c4 Ra8 53. c3 Rac8 54. Qd5+ Kb6 55. Qd6+ Kb7 56. Qd7+ Kb6 57. Kd4 Rh8 58. c5+ Ka6 59. Kd5 Rhg8 60. c6 1-0

[Event "Schwarzach op 30th"]
[Site "Schwarzach"]
[Date "2015.08.24"]
[Round "4"]
[White "Krivoborodov, Egor"]
[Black "Kernazhitsky, Leonid"]
[Result "1-0"]
[WhiteElo "2522"]
[BlackElo "2267"]
[PlyCount "40"]
[EventDate "2015.08.22"]
[EventType "swiss"]
[EventRounds "9"]
[EventCountry "AUT"]
[SourceTitle "EXT 2016"]
[Source "ChessBase"]
[SourceDate "2015.10.08"]
[SourceVersion "1"]
[SourceVersionDate "2015.10.08"]
[SourceQuality "1"]

1. Nf3 d5 2. g3 Nf6 3. Bg2 c6 4. 0-0 Bg4 5. d4 g6 6. Ne5 Be6 7. c4 Bg7 8. Nc3 0-0 9. cxd5 cxd5 10. Qb3 Qb6 11. Bg5 Nc6 12. e3 Rfd8 13. Nd3 Qxb3 14. axb3 Bf5 15. Nc5 b6 16. Bxf6 exf6 17. Nb7 Rd7 18. Bxd5 Rc8 19. Rfc1 Nb4 20. Bf3 Nd3 1-0

[Event "Kecskemet Caissa IM 05"]
[Site "Kecskemet"]
[Date "2015.05.25"]
[Round "5"]
[White "Kernazhitsky, Leonid"]
[Black "Tugstumur, Yesuntumur"]
[Result "1/2-1/2"]
[WhiteElo "2278"]
[BlackElo "1804"]
[PlyCount "117"]
[EventDate "2015.05.22"]
[EventType "tourn"]
[EventRounds "10"]
[EventCountry "HUN"]
[SourceTitle "EXT 2017"]
[Source "ChessBase"]
[SourceDate "2016.10.25"]
[SourceVersion "1"]
[SourceVersionDate "2016.10.25"]
[SourceQuality "1"]

1. e4 c5 2. Nf3 d6 3. d4 cxd4 4. Nxd4 Nf6 5. Nc3 Nc6 6. Bg5 e6 7. Qd2 a6 8. 0-0-0 Bd7 9. Be2 b5 10. f3 Be7 11. Bxf6 gxf6 12. f4 b4 13. Nb1 Qb6 14. Qe3 Nxd4 15. Qxd4 Qxd4 16. Rxd4 a5 17. Nd2 Rg8 18. g3 Bc6 19. Bf3 e5 20. Rd3 Bb5 21. Re3 Rd8 22. Rd1 Bf8 23. Be2 Bxe2 24. Rxe2 Bh6 25. Rf1 Rg4 26. Ref2 d5 27. Kb1 exf4 28. gxf4 dxe4 29. Nxe4 Rxf4 30. Rxf4 Bxf4 31. c4 Be5 32. Nxf6+ Bxf6 33. Rxf6 Ke7 34. Rf2 Rd4 35. b3 Ke6 36. Kc2 f5 37. Re2+ Kf6 38. Rd2 Rh4 39. c5 Rh3 40. Kd1 Ke5 41. c6 Rc3 42. Rd7 Rxc6 43. Rxh7 Ke4 44. Re7+ Kf3 45. Re5 f4 46. Rxa5 Kf2 47. a3 Rd6+ 48. Kc2 bxa3 49. Rxa3 f3 50. Ra8 Kg2 51. Kc3 f2 52. Rg8+ Kxh2 53. Rf8 Kg2 54. Kc4 f1Q+ 55. Rxf1 Kxf1 56. Kc5 Rd8 57. b4 Ke2 58. b5 Kd3 59. b6 1/2-1/2

[Event "Kecskemet Caissa IM 02"]
[Site "Kecskemet"]
[Date "2015.02.19"]
[Round "4"]
[White "Marosi, Levente"]
[Black "Kernazhitsky, Leonid"]
[Result "1/2-1/2"]
[WhiteElo "2274"]
[BlackElo "2292"]
[PlyCount "174"]
[EventDate "2015.02.17"]
[EventType "tourn"]
[EventRounds "10"]
[EventCountry "HUN"]
[EventCategory "2"]
[SourceTitle "CBM 165 Extra"]
[Source "ChessBase"]
[SourceDate "2015.04.21"]
[SourceVersion "1"]
[SourceVersionDate "2015.04.21"]
[SourceQuality "1"]

1. e4 c5 2. c3 Nf6 3. e5 Nd5 4. Nf3 Nc6 5. Bc4 Nb6 6. Bb3 d5 7. exd6 Qxd6 8. 0-0 Bf5 9. d4 e6 10. Na3 cxd4 11. Nb5 Qd7 12. Nfxd4 Nxd4 13. Nxd4 Bg6 14. a4 a5 15. Bf4 Bc5 16. Qe2 Bxd4 17. Rad1 0-0 18. Rxd4 Nd5 19. Qf3 Qc6 20. Bxd5 exd5 21. Qxd5 Qxd5 22. Rxd5 Bc2 23. Rd7 b6 24. Ra1 Rfe8 25. Be3 Rab8 26. h3 Rec8 27. Bf4 Ra8 28. Rd2 Bb3 29. Ra3 Bc4 30. Rd6 Rab8 31. Rd7 Be6 32. Ra7 Ra8 33. Rb7 Rc6 34. Be3 h6 35. Rxb6 Rxb6 36. Bxb6 Rb8 37. Bxa5 Rxb2 38. Bb4 Ra2 39. Rxa2 Bxa2 40. Kf1 Bc4+ 41. Ke1 f5 42. g3 Kf7 43. Kd2 g6 44. Ke3 Ke6 45. Kd4 Bd5 46. a5 Bg2 47. h4 h5 48. a6 Bf1 49. a7 Bg2 50. Kc5 Kd7 51. Kb6 Bf3 52. Kc5 Ke6 53. Kd4 Bb7 54. c4 Ba8 55. Ke3 Bb7 56. Kf4 Ba8 57. f3 Bb7 58. Bc5 Bc6 59. Kg5 Kf7 60. f4 Be4 61. Bd4 Bf3 62. Bf2 Be4 63. Be1 Kg7 64. c5 Kf7 65. Bf2 Kg7 66. g4 hxg4 67. h5 gxh5 68. c6 Bxc6 69. Kxf5 Kf7 70. Bh4 Bf3 71. Ke5 Bg2 72. Kd6 Be4 73. f5 g3 74. Ke5 g2 75. Bf2 Ba8 76. Kf4 Kf6 77. Bd4+ Kf7 78. Kg5 Bf3 79. Be3 Kg7 80. Bf2 Kf7 81. Bd4 Be4 82. Kxh5 Bb7 83. Kg5 Ba8 84. Kf4 Bb7 85. Ke5 Bf3 86. Kd6 g1Q 87. Bxg1 Kf6 1/2-1/2

[Event "Kecskemet Caissa IM 12"]
[Site "Kecskemet"]
[Date "2014.12.25"]
[Round "10"]
[White "Kernazhitsky, Leonid"]
[Black "Fang, Yuxiang"]
[Result "1/2-1/2"]
[WhiteElo "2299"]
[BlackElo "2295"]
[PlyCount "84"]
[EventDate "2014.12.16"]
[EventType "tourn"]
[EventRounds "10"]
[EventCountry "HUN"]
[SourceTitle "CBM 164 Extra"]
[Source "ChessBase"]
[SourceDate "2015.03.02"]
[SourceVersion "1"]
[SourceVersionDate "2015.03.02"]
[SourceQuality "1"]

1. e4 e6 2. d4 d5 3. e5 c5 4. c3 Qb6 5. Nf3 Bd7 6. a3 Bb5 7. b4 cxd4 8. Bxb5+ Qxb5 9. cxd4 Nc6 10. Nc3 Qc4 11. Bb2 Nh6 12. Rc1 Be7 13. Ne2 Qa6 14. 0-0 0-0 15. Nf4 Rac8 16. Qb3 Qb5 17. Bc3 Na5 18. Qd1 Nc4 19. a4 Qb6 20. Nd3 Nf5 21. Nc5 Qc7 22. Qd3 a5 23. b5 Bxc5 24. dxc5 Qxc5 25. g4 Ne7 26. Ng5 Ng6 27. h4 Qe7 28. f4 h6 29. h5 hxg5 30. hxg6 gxf4 31. Rxf4 fxg6 32. Rcf1 Rxf4 33. Rxf4 Qg5 34. Qd4 Qh6 35. Kg2 g5 36. Rf3 Qg6 37. Qa7 Qe4 38. Qxb7 Ne3+ 39. Kf2 Nd1+ 40. Kg3 Rxc3 41. Qf7+ Kh8 42. Qe8+ Kh7 1/2-1/2

[Event "Kecskemet Caissa IM 12"]
[Site "Kecskemet"]
[Date "2014.12.22"]
[Round "7"]
[White "Nomin Erdene, Davaademberel"]
[Black "Kernazhitsky, Leonid"]
[Result "1-0"]
[WhiteElo "2288"]
[BlackElo "2299"]
[PlyCount "71"]
[EventDate "2014.12.16"]
[EventType "tourn"]
[EventRounds "10"]
[EventCountry "HUN"]
[SourceTitle "CBM 164 Extra"]
[Source "ChessBase"]
[SourceDate "2015.03.02"]
[SourceVersion "1"]
[SourceVersionDate "2015.03.02"]
[SourceQuality "1"]

1. e4 c5 2. Nf3 Nc6 3. d4 cxd4 4. Nxd4 Qb6 5. Nb3 Nf6 6. Nc3 e6 7. Be3 Qc7 8. a3 Be7 9. Be2 a6 10. f4 d6 11. Bf3 0-0 12. 0-0 b5 13. g4 Bb7 14. Bg2 Rfe8 15. g5 Nd7 16. Rf3 b4 17. axb4 Nxb4 18. Na5 Rac8 19. Nxb7 Qxb7 20. Rh3 g6 21. Qd2 Nb6 22. b3 Bf8 23. Rc1 Rxc3 24. Qxc3 Na2 25. Qe1 Nxc1 26. Bxc1 Nd7 27. Qh4 h5 28. gxh6 Kh7 29. Qf2 Rc8 30. Rf3 Qb6 31. Be3 Qa5 32. f5 gxf5 33. exf5 e5 34. f6 Qa1+ 35. Bf1 d5 36. Rg3 1-0